
Library Catalogue

| 000 -LEADER | |
|---|---|
| fixed length control field | 01703cam a22002657i 4500 |
| 001 - CONTROL NUMBER | |
| control field | 19620520 |
| 005 - DATE AND TIME OF LATEST TRANSACTION | |
| control field | 20260103110012.0 |
| 008 - FIXED-LENGTH DATA ELEMENTS--GENERAL INFORMATION | |
| fixed length control field | 170503t20172017enk b 001 0 eng d |
| 010 ## - LIBRARY OF CONGRESS CONTROL NUMBER | |
| LC control number | 2017304094 |
| 020 ## - INTERNATIONAL STANDARD BOOK NUMBER | |
| International Standard Book Number | 9780719089626 |
| 020 ## - INTERNATIONAL STANDARD BOOK NUMBER | |
| International Standard Book Number | 071908962X |
| 082 ## - DEWEY DECIMAL CLASSIFICATION NUMBER | |
| Classification number | 305.420954 SEN |
| 100 1# - MAIN ENTRY--PERSONAL NAME | |
| Personal name | Sen, Indrani |
| 245 10 - TITLE STATEMENT | |
| Title | Gendered transactions : |
| Remainder of title | the white woman in colonial India, c. 1820-1930 / |
| Statement of responsibility, etc. | Indrani Sen. |
| 264 #1 - PRODUCTION, PUBLICATION, DISTRIBUTION, MANUFACTURE, AND COPYRIGHT NOTICE | |
| Place of production, publication, distribution, manufacture | Manchester : |
| Name of producer, publisher, distributor, manufacturer | Manchester University Press, |
| Date of production, publication, distribution, manufacture, or copyright notice | 2017. |
| 300 ## - PHYSICAL DESCRIPTION | |
| Extent | ix, 226 p. ; |
| Dimensions | 25 cm. |
| 490 0# - SERIES STATEMENT | |
| Series statement | Studies in imperialism |
| 505 ## - FORMATTED CONTENTS NOTE | |
| Formatted contents note | Introduction Part I: The white woman and the 'civilising mission'; 1. The missionary 'gaze' and the 'civilising mission': zenana encounters in nineteenth-century Bengal; 2. Flora Annie, social reform and female education in late nineteenth-century Punjab; 3. Returning the 'gaze': colonial encounters in Indian women's English writings in late nineteenth-century western India Part II: Colonial domesticity, white women's health and gender disadvantage; 4. The ambivalences of power inside the colonial home: memsahibs, ayahs and wet nurses; 5. Marginalising the memsahib: the white woman's health issues in colonial medical writings; 6. The colonial 'female malady': European women's mental health and addiction in the late nineteenth century; Conclusion; Select bibliography; Index |
| 650 #0 - SUBJECT ADDED ENTRY--TOPICAL TERM | |
| Topical term or geographic name entry element | Women, White |
| Geographic subdivision | India |
| General subdivision | Social conditions |
| Chronological subdivision | 19th century. |
| 650 #0 - SUBJECT ADDED ENTRY--TOPICAL TERM | |
| Topical term or geographic name entry element | Women |
| Geographic subdivision | India |
| General subdivision | Social conditions |
| Chronological subdivision | 19th century. |
| 650 #0 - SUBJECT ADDED ENTRY--TOPICAL TERM | |
| Topical term or geographic name entry element | Women, White |
| Geographic subdivision | India |
| General subdivision | Social conditions |
| Chronological subdivision | 20th century. |
| 650 #0 - SUBJECT ADDED ENTRY--TOPICAL TERM | |
| Topical term or geographic name entry element | Women |
| Geographic subdivision | India |
| General subdivision | Social conditions |
| Chronological subdivision | 20th century. |
| 830 #0 - SERIES ADDED ENTRY--UNIFORM TITLE | |
| Uniform title | Studies in imperialism (Manchester, England) |
| 942 ## - ADDED ENTRY ELEMENTS (KOHA) | |
| Source of classification or shelving scheme | Dewey Decimal Classification |
| Koha item type | BOOKs |
| Withdrawn status | Lost status | Damaged status | Not for loan | Home library | Current library | Shelving location | Date acquired | Cost, normal purchase price | Total Checkouts | Full call number | Barcode | Date last seen | Price effective from | Koha item type |
|---|---|---|---|---|---|---|---|---|---|---|---|---|---|---|
| . | . | 30.05.2017 | 6077.00 | 305.420954 SEN | 35114 | 30.05.2017 | 30.05.2017 | BOOKs |